Loading...
| Literature - European | 0 | 10 | 0 | 1 | 100 | 68 | 107.90 | 4 | 10 | 0.00 | 0.00 |
| Science - Chemistry | 0 | 9 | 0 | 2 | 90 | 59 | 81.00 | 1 | 8 | 0.00 | 0.00 |
| Fine Arts - Classical Music | 0 | 8 | 2 | 0 | 70 | 69 | 99.63 | 2 | 8 | 0.00 | 0.00 |
| Philosophy | 0 | 7 | 1 | 2 | 65 | 78 | 95.29 | 2 | 6 | 0.00 | 0.00 |
| Literature - World | 0 | 6 | 0 | 1 | 60 | 51 | 98.83 | 0 | 6 | 0.00 | 0.00 |
| Literature - British | 0 | 6 | 0 | 0 | 60 | 59 | 105.67 | 2 | 4 | 0.00 | 0.00 |
| History - European | 0 | 7 | 2 | 1 | 60 | 68 | 92.71 | 3 | 7 | 0.00 | 0.00 |
| History - World | 0 | 6 | 0 | 1 | 60 | 88 | 101.50 | 1 | 4 | 0.00 | 0.00 |
| Literature - American | 0 | 5 | 0 | 0 | 50 | 86 | 107.40 | 1 | 3 | 0.00 | 0.00 |
| Science - Physics | 0 | 6 | 2 | 1 | 50 | 30 | 72.17 | 3 | 6 | 0.00 | 0.00 |
| History - American | 0 | 6 | 2 | 0 | 50 | 12 | 51.17 | 1 | 5 | 0.00 | 0.00 |
| History - Other | 0 | 5 | 0 | 0 | 50 | 65 | 86.40 | 3 | 5 | 0.00 | 0.00 |
| Science - Other | 0 | 6 | 2 | 0 | 50 | 57 | 81.83 | 1 | 5 | 0.00 | 0.00 |
| Fine Arts - Painting and Sculpture | 0 | 5 | 1 | 0 | 45 | 53 | 90.00 | 1 | 3 | 0.00 | 0.00 |
| Fine Arts - Other | 0 | 4 | 1 | 0 | 35 | 63 | 100.50 | 1 | 3 | 0.00 | 0.00 |
| Science - Biology | 0 | 4 | 1 | 0 | 35 | 61 | 78.25 | 2 | 4 | 0.00 | 0.00 |
| Mythology | 0 | 2 | 0 | 0 | 20 | 44 | 73.00 | 1 | 1 | 0.00 | 0.00 |
| Other Academic | 0 | 2 | 0 | 1 | 20 | 105 | 115.00 | 0 | 0 | 0.00 | 0.00 |
| Social Science | 0 | 3 | 3 | 0 | 15 | 68 | 78.33 | 0 | 2 | 0.00 | 0.00 |
| Religion | 0 | 2 | 2 | 0 | 10 | 93 | 93.50 | 0 | 2 | 0.00 | 0.00 |
| Geography | 0 | 1 | 0 | 0 | 10 | 64 | 64.00 | 1 | 1 | 0.00 | 0.00 |
| Current Events | 0 | 1 | 0 | 0 | 10 | 66 | 66.00 | 0 | 0 | 0.00 | 0.00 |